| 000 -Etiqueta do registo | |
|---|---|
| campo de controlo de comprimento fixo | 007650000a22002530004500 |
| 001 - Identificador do registo | |
| Campo de controlo | 45607 |
| 010 ## - ISBN | |
| Número (ISBN) | 972-680-676-3 |
| 100 ## - Dados Gerais de Proc. | |
| Dados gerais de processamento | 20110117d2006 k y0pory5003 ba |
| 101 0# - Língua da publicação | |
| Língua do texto, banda sonora, etc. | Português |
| 102 ## - País de Publicação | |
| País de publicação | Portugal |
| 200 1# - Título | |
| Título próprio | O alcaide de Santarém |
| Primeira menção de responsabilidade | Alexandre Herculano |
| Informação de outro título | A dama pé de cabra |
| 210 ## - Publicação, Distribuição | |
| Lugar da edição, distribuição, etc. | Lisboa |
| Nome do editor, distribuidor, etc. | Lisboa Editora |
| Data da publicação, distribuição, etc. | 2006 |
| 215 ## - Descrição física | |
| Descrição física | 112 p. |
| 225 2# - Colecção | |
| Título próprio da colecção | 1001 livros |
| Indicação de volume | 7 |
| 606 ## - Nome comum | |
| Koha Internal code | 2169 |
| Elemento de entrada | Literatura portuguesa |
| 606 ## - Nome comum | |
| Koha Internal code | 742 |
| Elemento de entrada | Contos |
| 675 ## - CDU | |
| Notação | 83 |
| Edição | BN |
| Língua da edição | Português |
| 675 ## - CDU | |
| Notação | 821.134.3-34"18" |
| Edição | BN |
| Língua da edição | Português |
| 675 ## - CDU | |
| Notação | 821.134.3-34Herculano, Alexandre.09 |
| Edição | BN |
| Língua da edição | Português |
| 700 #1 - Responsabilidade principal | |
| Koha Internal Code | 48870 |
| Palavra de ordem | Herculano |
| Outra parte do nome | Alexandre |
| Datas | 1810-1877 |
| 090 ## - Números de controlo do sistema (Koha) | |
| Número biblioitem do Koha (gerado automaticamente) | 45607 |
| 942 ## - Elementos de entrada adicionados (Koha) | |
| Tipo de item no Koha | Monografias |
| Suprimido | Disponível no OPAC |
| 999 ## - Campo local | |
| Campo local | 45607 |
| Removido (estado) | Perdido (estado) | Data de aquisição | Origem do registo (biblioteca) (codificado) | Código da organização que empresta ou é detentora (biblioteca) | Código de barras | Número de inventário | Cota | Numeração (volume ou outra parte) | Tipo de circulação (não pode ser emprestado) | Tipo de item e material | Data da publicação, distribuição, etc. |
|---|---|---|---|---|---|---|---|---|---|---|---|
| Disponível | Disponível | 2011-01-17 | Biblioteca da Escola Secundária Dr. Jorge Augusto Correia | Biblioteca da Escola Secundária Dr. Jorge Augusto Correia | BESJAC10517 | 10517 | 83 HER | 7 | Normal | Monografias | 2006 |